000 00692nam a22002297a 4500
005 20170124110220.0
010 _aA-710132
020 _c325.00
_a8170206790
035 _aA-710132
037 _bCen Lib/Ret
040 _aDPL
_bEN
082 _a927
_bGAN
100 _aGanguly, Rita
_939616
245 _aBismillah Khan and Benars :
_cby Rita Ganguly
_bthe seat of shehnai /
260 _aNew Delhi
_bCosmo publications
_c1994
270 _bNew Delhi
_a24-B, Anasri road, Daryaganj
_e110002
300 _a157p.:
_c23cm(Hb)
_bill.
500 _aIncludes appendix and index
650 _aBiography
_97490
650 _aMusician
_939617
942 _2ddc
_cEN
_h927
_mGAN
999 _c134044
_d134044